00361pab a2200133 454500008004000000100002200040245006500062260000900127300001500136362000800151650001900159650002300178773002600201180718b2006 xxu||||| |||| 00| 0 eng d aGan, Lydia et al. aLiberalization of the telecommunication industry in the NICs c2006 ap.181-202. aAug aLiberalization aTelecommunications aAsian Economic Review